[Event "Avoine op 32nd"]
[Site "Avoine"]
[Date "2017.07.22"]
[Round "3"]
[White "Pellegrini, Thibaud"]
[Black "Heurtebize, Christophe"]
[Result "0-1"]
[WhiteElo "1795"]
[BlackElo "2053"]
[PlyCount "60"]
[EventDate "2017.07.22"]
[EventType "swiss"]
[EventRounds "9"]
[EventCountry "FRA"]
[SourceTitle "CBM 179 Extra"]
[Source "ChessBase"]
[SourceDate "2017.08.23"]
[SourceVersion "1"]
[SourceVersionDate "2017.08.23"]
[SourceQuality "1"]

1. e4 e6 2. Qe2 c5 3. Nf3 Nc6 4. g3 Be7 5. Bg2 d6 6. 0-0 Nf6 7. Re1 0-0 8. d3 Nd7 9. Nbd2 Qc7 10. Nf1 Rb8 11. h4 b5 12. g4 Nd4 13. Nxd4 cxd4 14. g5 Bb7 15. Bf4 e5 16. Bg3 f5 17. gxf6 Rxf6 18. Nh2 Nc5 19. Ng4 Rf7 20. Bh3 Bc8 21. f3 h5 22. Nf2 Qd8 23. Bxc8 Rxc8 24. Kg2 Bxh4 25. Bxh4 Qxh4 26. Rh1 Qg5+ 27. Kf1 Rcf8 28. Rh3 Ne6 29. Rh2 Rxf3 30. Rg2 Qe3 0-1